Statistiques concernant Les commerces alimentaires dans les 10 plus grandes villes de France

Cliquez ici pour prendre le quiz!

Statistiques générales

  • Ce quiz a été pris 10 fois
  • Le résultat moyen est 5 sur 10

Statistiques - réponses

RangSupérettes et épiceriesSuper et hypermarchésTotal1 pour ... habitantsCommune% Correct
163311374916Nice
80%
21216888091 079Marseille
70%
9604226728711 766Paris
70%
3431702131 111Lille
60%
4793844631 160Lyon
60%
5571562131 174Bordeaux
40%
8551632181 333Strasbourg
40%
7803013811 322Toulouse
40%
10431311741 866Nantes
30%
6302032331 302Montpellier
20%

Distribution des résultats

Percentile par nombre de réponses

% des personnes avec chaque résultat

Votre développement - résultats

Vous n’avez pas pris ce quiz